000 00423nam a22001337a 4500
040 _cNUST
082 _a200 THE
100 _aSaad Saud Ali Shah
_9104910
110 _aSupervisor Dr. Saifullah Awan
_984268
245 _aTH-SOF-2112-Fabrication Of Cu DOPED ZINC Sulfide Thin Films for 2nd Generation Photovoltaics
260 _aISLAMABAD:
_bNUST COLLEGE OF EME,
_c2022.
650 _aMS-ELEC-19
_9104911
942 _2ddc
_cTHE
999 _c592697
_d592697